00997cam a22002771 4500001001300000003000400013005001700017008004100034010001700075035001900092040004700111042001200158050002500170082001400195110008100209245003700290260002400327300002200351490002400373500009400397650003600491651004000527651004000567810009500607999001700702sd 49000321 DLC20260227112735.0760419s1944 dcu f000 0 eng c asd 49000321  a(OCoLC)2124458 aU.S. Dept. of State LibrarycCtWdCtWdDLC apremarc00aUB250b.U33 no. 2368 a940.535931 aUnited States.bOffice of Strategic Services.bResearch and Analysis Branch.10aJapanese domination of Thailand. a[Washington]c1944. aiv, 63 p.c27 cm.1 aIts R & Avno. 2368 a"Cultural relations treaty between Japan and Thailand, signed 28 October 1942": p. 60-63. 0aWorld War, 1939-1945zThailand. 0aJapanxForeign relationszThailand. 0aThailandxForeign relationszJapan.1 aUnited States.bDepartment of State.bOffice of Intelligence Research.tR & A ;vno. 2368. c90006d90006